00293nam a2200109Ia 4500008004000000082001600040100003100056245004100087250000500128260003800133300001200171210210b1983 xxu||||| |||| 00| 0 eng d a954.87 WADH aWADHWANI (M R) and others. aHistory for II PUC course. Rev Ed 2. a aBombay.bSheth Publishers.,c1983 avii,232